000 01110cad a22001935a 4500
001 L155083
008 120228s2012 xxk f 000 0 eng d
035 _a(Sirsi) u155083
041 0 _aeng
110 2 _aUnited Kingdom
_bDepartment for Environment, Food and Rural Affairs
245 0 0 _aGovernment Response to the Farming Regulation Task Force
_h[electronic resource]
260 _aLondon
_bDEFRA
_c2012
520 _aFarming Regulation Task Force set up in July 2010 to find ways of reducing unnecessary red tape in the sector recommends over 200 ways of reducing regulatory burdens on farmers and food processors. In this response the Government accepts 159 of these suggestions and outlines key committments including applying earned recognition across inspection regimes and working on increasing data and information sharing between delivery partners.
590 _aKA NTK
651 4 _aENGLAND AND WALES
690 _aRural
_96268
856 4 0 _uhttps://www.defra.gov.uk/publications/files/pb13717-farmregulationtaskforce-response.pdf
_zView the item free of charge at www.defra.gov.uk
942 _n0
999 _c113313
_d113313